000 00752nam a2200289Ia 4500
005 20260324115549.0
008 008 260324s9999 xx 000 0 eng d
020 _a9781315271149
037 _aEBOOK
040 _aCRL
040 _beng
040 _cCRL
041 _2eng
041 _aeng
084 _qCRL
100 _aYener Balan; Karen Murrell; Christopher Bryant Lentz
_91155153
245 0 _aBig Book of Emergency Department Psychiatry
245 2 _bA Guide to Patient Centered Operational Improvement
260 _bTaylor and Francis
260 _c2017
365 _a
365 _b220
856 _uhttp://www.taylorfrancis.com/books/9781315271149
942 _cEBOOK
999 _c1746117
_d1746117